CA Exams Study Text (Record no. 2627)

MARC details
000 -LEADER
fixed length control field 00351nam a2200145Ia 4500
008 - FIXED-LENGTH DATA ELEMENTS--GENERAL INFORMATION
fixed length control field 230312s9999||||xx |||||||||||||| ||und||
020 ## - INTERNATIONAL STANDARD BOOK NUMBER
International Standard Book Number 969-8546-1111
082 ## - DEWEY DECIMAL CLASSIFICATION NUMBER
Classification number 332
Item number CAE
245 #0 - TITLE STATEMENT
Title CA Exams Study Text
260 ## - PUBLICATION, DISTRIBUTION, ETC.
Name of publisher, distributor, etc. BPP Publishing
Place of publication, distribution, etc. New Dehli
Date of publication, distribution, etc. 2001
300 ## - PHYSICAL DESCRIPTION
Extent 415
546 ## - LANGUAGE NOTE
Language note Eng.
650 ## - SUBJECT ADDED ENTRY--TOPICAL TERM
Topical term or geographic name entry element Economics
Form subdivision Economic Concepets
942 ## - ADDED ENTRY ELEMENTS (KOHA)
Koha item type BOOK

No items available.

Powered by Koha